| 000 | 01140nam a22002177a 4500 | ||
|---|---|---|---|
| 003 | OSt | ||
| 005 | 20260409172418.0 | ||
| 008 | 260409b ||||| |||| 00| 0 spa d | ||
| 020 | _a9786287576445 | ||
| 040 | _cCO-Mq BPB | ||
| 082 |
_aJN _bESGp |
||
| 100 |
_aEsguerra, Camila _eautor |
||
| 245 | _aLos placeres de mentir | ||
| 264 |
_aBogotá; _bEspasa, _c2025 |
||
| 300 |
_a182 páginas; _bTapa rustica, ilustraciones a blanco y negro _c23 cm |
||
| 521 | _aLos placeres de mentir es una novela que explora la construcción de la identidad a través de una historia intrigante y reflexiva. La protagonista despierta un día sin memoria, sin saber quién es ni cuál ha sido su vida. Ante esta incertidumbre, decide adoptar distintas identidades, inventándose a sí misma en cada capítulo. La obra plantea una reflexión profunda sobre quiénes somos, cuánto de nuestra identidad es real y cuánto es construido, mostrando que, en ocasiones, reinventarse puede ser una forma de encontrarse. | ||
| 650 | _aIdentidad personal | ||
| 650 | _aConstrucción del “yo” | ||
| 650 | _aLa mentira como herramienta | ||
| 942 |
_2ddc _cBKLIT |
||
| 999 |
_c16232 _d16232 |
||